000 00412nam a2200169Ia 4500
003 LK-CoDNM
008 010623t2009 xxu||||| |||| 00| 1 sin d
040 _aLK-CoDNM
_dLK-CoDNM
_eLK-CoDNM
041 _asin
080 _a8S2 JAY
100 _aJayathilaka,Pushpa
245 _aඅවමානවිකා
246 _aAwamanavika
260 _bSanhida
_aNugegoda
_c2009
300 _b61, 21 cm
942 _cBK
999 _c128496
_d128496